000 00287nam a2200109Ia 4500
008 171211s9999 xx 000 0 und d
245 _aWindows 10 Troubleshooting
245 _cMike Halsey
260 _c2016
650 _xSOFTWARE
856 _uhttp://down.ebook777.com/061/1484209265.pdf
999 _c349366
_d349366